| 000 | 00498nam a2200181Ia 4500 | ||
|---|---|---|---|
| 008 | 190509s9999 xx 000 0 und d | ||
| 100 | _aBehrendt, Beth | ||
| 245 | _a2-minute memoir: coming home to nest/ | ||
| 245 | _cBeth Behrendt | ||
| 260 | _bSussex Publisher | ||
| 260 | _c2018 | ||
| 300 | _aPages 44-46, September/October 2018 | ||
| 440 |
_aPsychology Today: Core Values _v1/2/1900 3:05:00 AM |
||
| 650 | _adivorce | ||
| 650 | _afamily | ||
| 650 | _anesting | ||
| 650 | _arelationship | ||
| 999 |
_c361808 _d361808 |
||